000 01749cam a22004454i 4500
003 PE-LiUPU
005 20250731173126.0
008 150623s r 000 0 d
035 _a(Sirsi) a25940
040 _aPE-LiUPU
_bspa
_cPE-LiUPU
_erda
082 0 4 _a220.63
_bB13
_221
100 1 _aBacchiocchi, Samuele,
_eautor.
245 1 0 _aGod's festivals :
_bin scripture and history.II /
_cSamuele Bacchiocchi.
250 _b
264 1 _aBerrien Springs, Michigan :
_bBiblical Perspectives,
_c1996.
300 _a285 páginas ;
_c22 cm.
336 _atext
_2rdacontent
337 _aunmediated
_2rdamedia
338 _avolume
_2rdacarrier
490 0 _aBiblical Perspectives ;
_v12
504 _aIncluye bibliografía.
505 0 _aBiblical and festival typology. The feast of trumpets in the Old Testament. The feast of trumpets in the New Testament. The day of atonement in the Old Testament. The day of atonement in the New Testament. The feast of tabernacles in the Old Testament. The feast of tabernacles in the New Testament.
526 _aSEG42
526 _aSEG41
526 _aSEG40
526 _aSEG39
526 _aP94
526 _aP87
526 _aP86
526 _aP85
526 _aP77
526 _aP76
526 _aP35
650 0 4 _aFestividades religiosas
_xJudaísmo.
942 _2ddc
_cBOOK
949 _a220.63 B13 II
_wDEWEY
_c1
_i51211
_lCCODEBUL1
_mBUL
_p10.00
_r0
_sY
_tBOOK
_u2015-06-24
_xTEOLOGIA
_PP35
_0COMPRA
_o.STAFF. Colección General
596 _a1
999 _a220.63 B13 II
_wDEWEY
_c32917
_i51211
_f2021-11-11
_g4
_lCCODEBUL1
_mBUL
_p10.00
_r0
_sY
_tBOOK
_u2015-6-24
_xTEOLOGIA
_PP35
_0COMPRA
_o.STAFF. Colección General
_d32917
980 _81
_gALBERTO SANCHEZ Responsable de Automatización